| 000 | 00936nam a2200265Ia 4500 | ||
|---|---|---|---|
| 003 | GCL | ||
| 008 | 140319s9999 xx 000 0 ara d | ||
| 020 | _a7972901977 | ||
| 040 |
_aGCL / _cGCL |
||
| 082 | 0 | 4 |
_aق _b331.12 _bا ن |
| 100 | 1 | _aابراهيم عوض | |
| 245 | 1 | 0 |
_aنحو سياسة للتشغيل فى مصر / _cابراهيم عوض |
| 700 | 1 | _aنجلاء الاهوانى | |
| 260 |
_aالقاهرة : _bالهيئة المصرية العامة للكتاب ، _c2005 |
||
| 300 |
_a492 ص ؛ _c24 سم |
||
| 650 | 0 | 4 | _aالعمل والعمال |
| 650 | 0 | 4 | _aالقوى العاملة |
| 650 | 0 | 4 | _aالدباغة |
| 650 | 0 | 4 | _aالمشروعات الصغيرة |
| 650 | 0 | 4 | _aمصر - الاحوال الاقتصادية |
| 650 | 0 | 4 | _aالجلود - صناعة وتجارة |
| 650 | 0 | 4 | _aالتجارة - مصر |
| 650 | 0 | 4 | _aالمشروعات الصغيرة - تنظيم وادارة |
| 942 |
_2ddc _cBK |
||
| 999 |
_c8736 _d8736 |
||